LIBRARY & INFORMATION CENTRE, KCAET, TAVANUR

ONLINE PUBLIC ACCESS CATALOGUE (OPAC)

Modelling the impact of land use land cover changes on th runoff processes of Chalakudy basin using HEC-HMS model (Record no. 17379)

MARC details
000 -LEADER
fixed length control field 00494nam a2200145 4500
003 - CONTROL NUMBER IDENTIFIER
control field OSt
082 ## - DEWEY DECIMAL CLASSIFICATION NUMBER
Classification number 631.45
Item number ODY/MO
088 ## - REPORT NUMBER
Report number T 497
100 ## - MAIN ENTRY--AUTHOR NAME
Personal name Nchumbeni M Odyuo
245 ## - TITLE STATEMENT
Title Modelling the impact of land use land cover changes on th runoff processes of Chalakudy basin using HEC-HMS model
260 ## - PUBLICATION, DISTRIBUTION, ETC. (IMPRINT)
Place of publication Tavanur
Name of publisher Department of IDE
Year of publication 2020
700 ## - ADDED ENTRY--PERSONAL NAME
Personal name Rema K P (guide)
856 ## - ELECTRONIC LOCATION AND ACCESS
Uniform Resource Identifier https://drive.google.com/file/d/1u0cZA9lmMoNY2PJm-hdPWgoT1BFggcxu/view?usp=sharing
942 ## - ADDED ENTRY ELEMENTS (KOHA)
Koha item type Theses
Holdings
Collection code Home library Current library Full call number Accession Number Koha item type
Reference KAUAET KAUAET 631.45 ODY/MO T 497 Theses
free website counter